Bombay Bicycle Club songs - Statistics

General Stats
  • This quiz has been taken 2 times
  • The average score is 28 of 89
Answer Stats
Answer % Correct
Always Like This
100%
Autumn
100%
Cancel On Me
100%
Dust On The Ground
100%
Dust On The Ground
100%
Emergency Contraception Blues
100%
Evening / Morning
100%
Ghost
100%
Lamplight
100%
Magnet
100%
The Giantess
100%
The Hill
100%
What If
100%
Carry Me
50%
Come To
50%
Diving
50%
Eat, Sleep, Wake (Nothing But You)
50%
Everything Else Has Gone Wrong
50%
Fantasneeze
50%
Feel
50%
Flaws
50%
Glass To Glass
50%
Heaven
50%
Ivy & Gold
50%
I Want To Be Your Only Pet
50%
Just A Little More Time
50%
Lights Out, Words Gone
50%
Luna
50%
Meditate
50%
My Big Day
50%
My God
50%
Never Like That
50%
Never Serious
50%
Onward
50%
Rural Radio Predicts The Rapture
50%
Shuffle
50%
Sleepless
50%
So Long, See You Tomorrow
50%
Tekken 2
50%
The Finger
50%
Turn The World On
50%
Your Eyes
50%
Bad Timing
0%
Beg
0%
Beggars
0%
Better Now
0%
Blindfold
0%
Curl Up Like A Dead Leaf And Go Where The Wind Blows
0%
Do You Feel Loved?
0%
Drugs
0%
Eyes Off You
0%
Fairytale Lullaby
0%
Favourite Day
0%
Fracture
0%
Get Up
0%
Good Day
0%
Home By Now
0%
How Are You
0%
How Can You Swallow So Much Sleep
0%
I Can Hardly Speak
0%
Is It Real
0%
It's Alright Now
0%
I Worry Bout You
0%
Jewel
0%
Leave It
0%
Leaving Blues
0%
Let You Go
0%
Many Ways
0%
Maybe More
0%
Ode To Lucy
0%
Open House
0%
Overdone
0%
Pedestal
0%
People People
0%
Racing Stripes
0%
Reign Down
0%
Rinse Me Down
0%
Sixteen
0%
Still
0%
Swansea
0%
Take The Right One
0%
To The Bone
0%
Two Lives
0%
What You Want
0%
Whenever, Wherever
0%
Willow
0%
Word by Word
0%
You Already Know
0%
You Made It
0%
No matching quizzes found
Score Distribution
Percent of People with Each Score
Percentile by Number Answered
Your Score History
You have not taken this quiz